[Event "Dvorkovich Memorial Rapid 2018"]
[Site "Taganrog"]
[Date "2018.01.13"]
[Round "6.13"]
[White "Golubov, Saveliy"]
[Black "Anikonov, Dmitry"]
[Result "0-1"]
[WhiteElo "2484"]
[BlackElo "2407"]
[Annotator "TA"]
[PlyCount "102"]
[EventDate "2018.??.??"]
[EventType "swiss"]
[EventCountry "RUS"]
[SourceTitle "playchess.com"]
[Source "ChessBase"]
[SourceQuality "1"]

{[%evp 9,102,-43,-21,-60,-49,-83,-75,-94,-81,-87,-87,-91,-93,-121,-105,-106,-105,-106,-100,-107,-86,-100,-83,-108,-95,-105,-104,-105,-102,-131,-122,-160,-155,-199,-170,-304,-214,-295,-207,-231,-125,-200,-202,-183,-185,-229,-222,-257,-263,-240,-221,-383,-317,-366,-366,-366,-366,-366,-365,-366,-366,-370,-370,-370,-370,-640,-398,-796,-465,-486,-465,-482,-465,-465,-465,-414,0,-483,-484,-561,-481,-730,-689,-642,-360,-1445,-1367,-1338,-1338,-1468,-1467,-1571,-803,-1401,-1358]} 1. c3 Nf6 2. Qa4 (2. d4 g6 3. Bg5 Bg7 4. Nd2 O-O 5. e3 c5 6. dxc5 a5 7. Bxf6 Bxf6 8. Ne4 Bg7 9. Qd5 a4 10. h4 a3 11. b4 Nc6 12. Rd1 {1-0 (32) Bartel,M (2609)-Ladva,O (2522) Katowice 2017}) 2... e5 3. d3 Nc6 4. Nf3 Be7 5. b4 $146 ({Vorgänger:} 5. Bg5 O-O 6. h4 d5 7. Nbd2 Nd7 8. e4 Nb6 9. Qc2 f6 {0-1 (45) Hajiyev,A (1639)-Thorsteinsson,T (2271) Thessaloniki 2010}) 5... a6 {[%cal Ba7a6,Ba6b5][%mdl 32]} 6. b5 {A00: Unregelmäßige Eröffnungen} Na7 7. Nxe5 axb5 8. Qb3 {[%csl Ge5][%cal Rb3f7] [#] Schwarz steht besser.} O-O 9. Nf3 d5 10. Na3 c6 11. e3 Bg4 {[%cal Bc8g4,Bg4h5,Bh5g6][%mdl 32]} 12. Be2 Nc8 13. O-O Nb6 14. h3 Bh5 15. Nc2 Re8 16. Ncd4 Nfd7 {[%cal Bf6d7,Bd7c5,Bc5a4][%mdl 32]} 17. Bd2 Nc5 18. Qc2 Bf6 19. Rfe1 Bg6 20. Nb3 Nca4 21. Nfd4 {[#]} Nc4 $1 {[%mdl 512]} 22. Bc1 (22. f4 {war angesagt.} c5 23. Nxc5 Nxc5 24. f5 Nxe3 25. Bxe3 Rxe3 26. fxg6 hxg6 27. Nxb5) (22. dxc4 Bxc2) 22... Qb6 23. e4 Nd6 {Droht stark ...c5.} 24. Bf4 Rad8 (24... c5 $19 25. e5 Bxe5 26. Bxe5 Rxe5) 25. Bf3 (25. exd5 $17 c5 26. Bxd6 Rxd6 27. Bh5) 25... dxe4 $19 26. dxe4 c5 27. Nf5 Nc4 ({Lieber nicht} 27... Bxc3 28. Nxd6 Rxd6 29. Bxd6 $11) 28. Rad1 {Jetzt Txd8 und Weiss darf weiter klammern.} Nxc3 29. Rxd8 Qxd8 30. Ne3 $2 (30. Nh4 {war einen Versuch wert.}) 30... Nxe3 31. Rxe3 c4 {Weiss muss nun ...Sd5! beachten.} ({Weniger gut wäre} 31... Nd5 32. Rd3 $17) 32. Rxc3 Bxc3 ({Und nicht} 32... cxb3 33. Rxb3 Qd4 34. Rxb5 $14) 33. Qxc3 cxb3 34. Qxb3 Bxe4 35. Qxb5 Bxf3 36. gxf3 {[%mdl 4096] Endspiel KDT-KDL} Re7 37. Bg5 $2 (37. a4) 37... Qd7 38. Qb3 $2 (38. Qxd7 Rxd7 39. Kg2) 38... Re8 39. Kg2 h6 40. Bf4 Qc6 41. a3 Re6 42. Qd3 Re8 43. Qb3 $1 b5 44. Bg3 Qc4 45. Qb1 (45. Qd1 $142) 45... Ra8 46. Bd6 Qd5 47. Bb4 $2 (47. Qe4 Qg5+ 48. Kh2) 47... Ra6 {Schwarz steht klar auf Gewinn.} 48. Qe4 Rg6+ 49. Kh2 Qd1 {[%csl Gg6][%cal Rd1g1]} 50. Be1 Qd6+ 51. Kh1 Qd8 {Precision: Weiß = 44%, Schwarz = 61%.} 0-1

[Event "Dvorkovich Memorial Rapid 2018"]
[Site "Taganrog"]
[Date "2018.01.13"]
[Round "6.14"]
[White "Musalov, Ruslan"]
[Black "Kiselev, Vitaliy"]
[Result "1/2-1/2"]
[WhiteElo "2338"]
[BlackElo "2516"]
[Annotator "TA"]
[PlyCount "97"]
[EventDate "2018.??.??"]
[EventType "swiss"]
[EventCountry "RUS"]
[SourceTitle "playchess.com"]
[Source "ChessBase"]
[SourceQuality "1"]

{[%evp 18,97,0,0,0,0,0,-2,0,-8,5,0,8,-4,0,0,0,0,0,0,0,-15,-4,-8,0,0,0,0,0,0,0,0,6,0,0,0,0,0,0,0,0,-7,0,-26,-21,-48,-25,-25,-25,-25,-25,-25,-25,-140,-154,-154,-161,-607,-21,-21,-21,-21,-21,-40,-21,-21,-21,-21,-8,-8,-8,-8,0,0,0,0,0,0,0,0,0,0]} 1. Nf3 Nf6 2. c4 e6 3. e3 b6 4. b3 Bb7 5. Bb2 Be7 6. Nc3 O-O {A13: English Opening: 1...e6} 7. d4 d5 8. Bd3 dxc4 (8... Nbd7 9. O-O c5 10. cxd5 Nxd5 11. Nxd5 Bxd5 12. Rc1 Rc8 13. Qe2 cxd4 14. Nxd4 Rxc1 15. Rxc1 Nc5 16. Bb5 Qa8 17. b4 a6 18. Bc4 Na4 19. Bxd5 Qxd5 {1-0 (30) Grischuk,A (2772)-Yu,Y (2751) Huaian 2017}) 9. Bxc4 c5 10. O-O {[%cal Be1g1,Bg1f1,Bf1e2][%mdl 32] LiveBook: 7 Games} Nc6 11. dxc5 Bxc5 12. Qxd8 Rfxd8 13. Rfd1 Kf8 $146 ({Predecessor:} 13... Be7 14. h3 a6 15. Be2 Rxd1+ 16. Rxd1 b5 17. Nd4 Nxd4 18. Rxd4 {1-0 (40) Brechin,H-Stokes,I (2017) Swansea 2006}) 14. Kf1 Ke7 15. Ke2 Rac8 16. Rxd8 (16. Rac1 {is more complex.} Kf8 17. Nb5 Kg8 18. Nbd4 Nxd4+ 19. Nxd4 Nd5 20. Kf1) 16... Nxd8 17. Rd1 Nc6 18. h3 h6 19. Rd2 Bb4 {Threatening ...Na5.} 20. Rc2 a6 21. Bd3 Bd6 22. Ne4 Nxe4 23. Bxe4 f6 24. Kd1 g5 25. Nd4 Nxd4 26. Rxc8 Bxc8 27. Bxd4 $11 {[%mdl 4096] Endgame KBB-KBB} b5 28. Kc2 f5 29. Bf3 e5 {[%cal Be6e5,Be5e4][%mdl 32]} 30. Bc3 b4 31. Bd2 e4 32. Be2 a5 {[%cal Ba6a5,Ba5b4][%mdl 32]} 33. Bc1 Be5 34. g3 Be6 35. a3 {[#]} (35. Bb2 $11 Bxb2 36. Kxb2) 35... Bc3 $1 $17 36. axb4 axb4 ({Don't do} 36... Bxb4 37. g4 $17) 37. Bc4 $2 (37. g4) 37... Bd7 $2 (37... Bxc4 $19 38. bxc4 h5) 38. Bd2 $11 Bxd2 39. Kxd2 {KB-KB} Kf6 40. Bd5 Ke5 41. Bc4 {The position is equal.} f4 42. h4 fxg3 43. fxg3 gxh4 44. gxh4 Bg4 45. Ke1 $1 Kf5 46. Kf2 Bd1 47. Kg3 Ke5 48. Bg8 Bh5 49. Bc4 {Precision: White = 55%, Black = 61%.} 1/2-1/2

[Event "Dvorkovich Memorial Rapid 2018"]
[Site "Taganrog"]
[Date "2018.01.13"]
[Round "6.15"]
[White "Kryakvin, Dmitry"]
[Black "Tsoi, Dmitry"]
[Result "1-0"]
[WhiteElo "2580"]
[BlackElo "2371"]
[Annotator "TA"]
[PlyCount "112"]
[EventDate "2018.??.??"]
[EventType "swiss"]
[EventCountry "RUS"]
[SourceTitle "playchess.com"]
[Source "ChessBase"]
[SourceQuality "1"]

{[%evp 22,112,44,29,152,165,155,105,83,98,93,78,140,124,169,154,168,169,160,122,160,155,261,259,279,266,283,278,330,322,313,301,293,299,289,295,454,423,510,506,678,659,648,644,728,525,521,514,656,516,656,638,1356,1264,1190,603,548,540,707,700,695,680,714,703,880,880,1176,1078,1459,1385,1131,1263,29984,29985,29985,12842,12846,12844,12845,12841,12841,12841,12845,12845,12846,12846,12848,12847,12847,12847,12849,12849,29991]} 1. g3 g6 2. Bg2 Bg7 3. d4 Nf6 4. c4 O-O 5. Nc3 Nc6 6. Nf3 {[%cal Bg1f3,Bf3e1,Be1d3,Bd3f4][%mdl 32]} d6 7. O-O e5 8. d5 Ne7 9. e4 Ne8 10. Ne1 f5 11. Nd3 Nf6 12. Bg5 f4 $146 {E62: King's Indian: Fianchetto: 6...c6 and Panno Variation (6...Nc6) without ...a6} (12... Nxe4 $11 13. Nxe4 (13. Bxe4 fxe4 14. Nxe4 Bh3 $11) 13... fxe4 14. Bxe4 Qe8) ({Predecessor:} 12... h6 13. Bxf6 Bxf6 14. f4 exf4 15. Nxf4 Be5 16. Kh1 Bxf4 17. Rxf4 g5 18. Rf2 Ng6 19. exf5 Bxf5 20. Qd4 {½-½ (56) Marin,M (2539)-Aryan,C (2529) Baile Govora 2017}) 13. gxf4 $16 exf4 14. Nxf4 h6 {White is better.} 15. Bxf6 Rxf6 16. Qd2 Qf8 (16... Bg4 $142) 17. Nce2 {[%cal Bc3e2,Be2g3,Bg3h5][%mdl 32]} Qf7 18. Nd3 $36 {[%mdl 2048] White is on the roll.} g5 19. e5 dxe5 20. Nxe5 Qf8 21. Ng3 Nf5 (21... Rf4 $16) 22. Nh5 $18 Nh4 23. Nxf6+ Bxf6 24. f4 gxf4 25. Qxf4 Qg7 {[%csl Gh4][%cal Rg7g2] [#]} 26. Qg3 Qxg3 27. hxg3 Bxe5 28. gxh4 Bxb2 (28... Bg4 {might work better.} 29. Rae1 Bd6) 29. Rab1 Bd4+ 30. Kh1 Rb8 31. Rbe1 Bd7 32. Re7 Rd8 33. Be4 Bc5 34. Ref7 h5 35. Bh7+ Kh8 36. Bf5 Be8 37. Rxc7 Bd4 38. Rc8 Rxc8 39. Bxc8 {[%mdl 4096] Endgame KRB-KB} Kg7 40. Bxb7 Bc5 41. Bc8 Bg6 42. Bf5 Bf7 43. Kg2 a5 44. Kf3 Kf6 45. Ke4 Ke7 46. Rb1 Bb4 {[#]} 47. Rxb4 $1 axb4 {KB-KB} 48. Kd4 (48. Ke5 $142 Be8 49. c5 Bb5 50. c6 Kd8 51. Kd6 Ke8 52. c7 Ba6 53. c8=Q+ Bxc8 54. Bxc8) 48... Be8 {White is clearly winning.} 49. c5 Bb5 50. d6+ Kf6 51. Bd3 Be8 52. Kc4 Bf7+ 53. Kxb4 Bxa2 54. Be2 Bf7 55. c6 {[%cal Bc5c6,Bc6c7][%mdl 32]} Ke6 56. c7 Kd5 {Precision: White = 78%, Black = 30%.} 1-0

[Event "Dvorkovich Memorial Rapid 2018"]
[Site "Taganrog"]
[Date "2018.01.13"]
[Round "6.16"]
[White "Savchenko, Boris"]
[Black "Shaydullina, Sandugach"]
[Result "1/2-1/2"]
[WhiteElo "2566"]
[BlackElo "2211"]
[Annotator "TA"]
[PlyCount "148"]
[EventDate "2018.??.??"]
[EventType "swiss"]
[EventCountry "RUS"]
[SourceTitle "playchess.com"]
[Source "ChessBase"]
[SourceQuality "1"]

{[%evp 13,148,34,38,8,23,24,40,-3,68,26,75,54,52,49,37,50,41,31,55,51,56,50,67,52,49,30,47,23,33,0,46,39,72,83,109,62,88,52,43,74,44,53,44,43,52,41,66,0,160,151,151,158,193,185,186,187,178,187,227,213,200,203,252,239,250,230,254,249,262,251,320,223,217,224,224,218,216,202,233,238,235,231,269,244,222,229,151,0,0,0,0,0,0,0,0,0,0,0,0,0,0,0,0,0,0,0,0,0,0,-5042,-5035,-1542,-592,-580,0,0,0,-29974,0,0,0,0,0,0,0,0,0,0,0,0,0,0,0,0,0,0,0]} 1. e4 c5 2. Nf3 {[%cal Bg1f3,Bf3d4,Bd4f5][%mdl 32]} Nc6 3. d4 cxd4 4. Nxd4 Nf6 5. Nc3 d6 6. Bg5 Bd7 7. Bxf6 gxf6 {LiveBook: 81 Partien} 8. Qd2 {B60: Sizilianisch (Richter/Rauser-Angriff)} h5 9. Nf5 Qa5 10. Bd3 {Weiß steht etwas besser.} Rc8 ({Besser ist} 10... Bxf5 $11 11. exf5 d5) 11. O-O Rg8 12. Rad1 e6 13. Nxd6+ Bxd6 14. Bb5 {[#]} Bxh2+ $1 {[%mdl 512]} 15. Kxh2 Qc7+ {[#]} 16. f4 $146 a6 17. Be2 Rh8 18. e5 f5 $1 19. Rf3 {[%cal Bf1f3,Bf3d3,Bd3d6][%mdl 32]} Ne7 20. Rd3 Bc6 $1 21. Rd6 h4 22. Qe3 Rg8 23. Bf3 Rg3 24. Bxc6+ Nxc6 25. Qc5 Qa5 26. Qf2 Qb4 27. Ne2 Rg4 28. Nd4 {Schwarz muss nun c3 beachten.} Ne7 29. c3 Qc4 30. Qd2 $40 {[%mdl 128] Weiss hat was vor.} (30. Qf3 $14) 30... Nd5 $2 (30... Qxa2 $2 31. Nxf5 $1 {[%mdl 512]} Nd5 32. Ne3 $18) (30... Kf8 $1 $11) 31. Nxe6 $1 $16 fxe6 32. Rxe6+ Kf7 33. Qxd5 Qxd5 {[%csl Gg4][%cal Rd5g2]} 34. Rf6+ Ke7 {[%csl Gg4][%cal Rd5g2]} 35. Rxd5 $18 {[%mdl 4096] Endspiel KTT-KTT} Rcg8 36. Rd2 (36. Rxf5 $2 Ke6 $19) 36... Rxf4 37. Rb6 Rb8 38. e6 Kf6 39. Rd7 Re8 40. Rdxb7 h3 41. Kxh3 Rg4 {( -> ...Th8+)} 42. Rh7 Reg8 43. e7+ ({Schwächer ist} 43. Rxa6 Rg3+ 44. Kh2 (44. Kh4 R8g4+ 45. Kh5 Rg5+ 46. Kh4 R5g4+ 47. Kh5 Rg5+ 48. Kh6 Rg6+ 49. Kh5 R6g5+ $11) 44... Rxg2+ 45. Kh3 R8g3+ 46. Kh4 Rg4+ 47. Kh3 R4g3+ 48. Kh4 Rg4+ 49. Kh3 R4g3+ $11) 43... Ke5 {beabsichtigt ...Tg3+.} 44. e8=Q+ ({Lieber nicht} 44. Rxa6 Rg3+ 45. Kh4 Rxg2 $11) 44... Rxe8 45. Rb4 Rxb4 46. cxb4 {KT-KT} Rb8 47. a3 $1 a5 48. Rh4 ({Auf keinen Fall} 48. bxa5 $6 Rxb2 49. a6 Rb3+ 50. Kh4 Rxa3 $16) 48... f4 49. Rh5+ Ke4 50. Rxa5 $2 (50. b5 $1 $16) 50... Rh8+ $1 $11 51. Kg4 {Droht Tf5 und aus.} Rh2 52. g3 Rg2 53. b5 Rxg3+ 54. Kh4 Rb3 55. Ra4+ Ke3 {...f3 ist eine echte Drohung.} 56. Ra8 Rxb2 57. Re8+ Kf2 58. a4 Rb4 59. Ra8 f3+ {[%cal Bf4f3,Bf3f2][%mdl 32]} 60. Kh3 $1 Kf1 {Und ...f2 würde nun gewinnen.} (60... Kg1 $5 61. Rg8+ $8 Kf1 $17) 61. Kg3 $2 {[%mdl 8192]} (61. Rc8 $11) 61... f2 $19 62. Rf8 Rb3+ 63. Kg4 {[#]} Kg2 $2 (63... Ra3 $1 $19 64. b6 Kg2) 64. Rxf2+ $1 $11 Kxf2 {KT-KBB} 65. Kf4 $2 {[%mdl 8192] [#]} (65. Kf5 $11) 65... Rb4+ $2 (65... Re3 $1 {setzt Matt} 66. Kf5 Re8 67. Kf6 Re4 68. b6 Rxa4 69. Ke5 Rb4 70. Kd5 Rxb6 71. Ke4 Kg2 72. Kd5 Rh6 73. Ke4 Rh4+ 74. Kd5 Rh5+ 75. Ke4 Rh4+ 76. Kd5 Kf3 77. Ke5 Ke3 78. Kd5 Rh5+ 79. Kd6 Ke4 80. Kc6 Kd4 81. Kd6 Re5 82. Kc6 Rd5 83. Kb6 Rc5 84. Ka6 Kc4 85. Kb6 Kb4 86. Ka7 Kb5 87. Kb7 Rc4 88. Ka8 Ka6 89. Kb8 Kb6 90. Ka8 Rc8#) 66. Ke5 {Die Stellung ist ausgeglichen.} Rxa4 {KT-KB} 67. Kd6 Rb4 68. Kc6 Ke3 69. b6 {[%cal Bb5b6,Bb6b7][%mdl 32]} Kd4 70. b7 Rc4+ 71. Kb5 Rc1 72. Kb6 Rb1+ 73. Kc6 Ke5 74. Kc7 {[#]} Rxb7+ $1 {[%mdl 512] Precision: Weiß = 69%, Schwarz = 68%.} 1/2-1/2

[Event "Dvorkovich Memorial Rapid 2018"]
[Site "Taganrog"]
[Date "2018.01.13"]
[Round "6.17"]
[White "Evdokimov, Alexander A"]
[Black "Zakharov, Alexander S"]
[Result "1-0"]
[WhiteElo "2502"]
[BlackElo "2437"]
[Annotator "TA"]
[PlyCount "85"]
[EventDate "2018.??.??"]
[EventType "swiss"]
[EventCountry "RUS"]
[SourceTitle "playchess.com"]
[Source "ChessBase"]
[SourceQuality "1"]

{[%evp 19,85,11,39,9,56,56,56,62,58,45,67,49,53,43,39,43,46,44,46,39,43,41,45,44,48,40,40,40,35,41,49,46,58,42,113,126,313,169,221,235,341,334,342,331,336,326,437,437,439,433,525,454,457,458,459,463,453,451,547,538,923,625,618,613,591,600,794,791]} 1. Nf3 Nf6 2. c4 e6 3. g3 b6 4. Bg2 Bb7 5. d4 Be7 6. O-O O-O 7. Re1 d5 8. cxd5 exd5 9. Nc3 Nbd7 10. Bf4 Ne4 11. Rc1 {E17: Queen's Indian: 4 g3 Bb7 5 Bg2 Be7} (11. Qc2 c5 12. Rad1 Rc8 13. Qb1 Ndf6 14. Bh3 Ra8 15. dxc5 bxc5 16. Bg2 Qb6 17. Ne5 Qe6 18. Nf3 h6 19. Nxe4 Nxe4 {½-½ (44) Matlakov,M (2696)-Rozum,I (2539) Kaliningrad 2015}) 11... Bd6 12. Bxd6 cxd6 13. Qb3 {White is slightly better.} Ndf6 14. Bh3 $146 ({Find the theoretical novelty and annotate with similar games:} 14. a4 Re8 15. Bh3 h5 16. Rc2 Ng4 17. Bxg4 hxg4 18. Nh4 Ng5 19. Nxd5 {0-1 (35) Abbasov,F (2290)-Eliseev,A (2327) St Petersburg 1999}) 14... g6 15. Rc2 Nxc3 16. Qxc3 Bc8 17. Bxc8 Rxc8 18. Qd3 Rxc2 19. Qxc2 Qe7 20. Rc1 {[%cal Be1c1,Bc1c2,Bc2c7][%mdl 32]} Re8 21. e3 Ne4 22. Qb3 Qf6 23. Kg2 g5 {[#] ...g4 is the strong threat.} 24. Rc2 g4 25. Nh4 Qe6 $1 26. Rc7 Nd2 (26... a5 $14) 27. Qc2 $16 Nc4 $2 {[#]} (27... Ne4 $16 28. Kf1 (28. Rxa7 Rc8 $16) 28... b5) 28. Qf5 ({Less strong is} 28. Rxa7 Qxe3 29. Rc7 Qe6 $16) (28. b3 $142 Na3 29. Qf5) 28... Qxf5 (28... Nxb2 $142 29. Kf1 (29. Rxa7 Nc4 $16) 29... h6) 29. Nxf5 $18 {[%mdl 4096] Endgame KRN-KRN} a5 (29... Nxb2 $142 30. Nxd6 Rf8) 30. b3 Nd2 31. Nxd6 Re6 32. Nxf7 Ne4 {intending ...Rf6.} 33. Ne5 {White is clearly winning.} h5 34. Nd3 b5 35. Nf4 Rf6 36. Rc2 Rf5 37. Rc8+ Kf7 38. Ra8 a4 39. bxa4 b4 40. Rb8 Rf6 41. Rxb4 Rc6 42. Rb2 h4 43. gxh4 {Precision: White = 60%, Black = 43%.} 1-0

[Event "Dvorkovich Memorial Rapid 2018"]
[Site "Taganrog"]
[Date "2018.01.13"]
[Round "6.18"]
[White "Kharchenko, Boris"]
[Black "Kamenets, Anatolij"]
[Result "1/2-1/2"]
[WhiteElo "2464"]
[BlackElo "2294"]
[Annotator "TA"]
[PlyCount "66"]
[EventDate "2018.??.??"]
[EventType "swiss"]
[EventCountry "RUS"]
[SourceTitle "playchess.com"]
[Source "ChessBase"]
[SourceQuality "1"]

{[%evp 27,66,0,0,0,9,11,13,10,44,52,59,72,69,60,143,116,112,118,176,152,221,218,254,237,237,179,266,255,424,411,411,404,491,488,464,435,718,734,1958,1922,1662]} 1. e4 c6 2. d4 d5 3. exd5 cxd5 4. c4 Nf6 5. Nc3 e6 6. Nf3 Be7 7. Bd3 O-O 8. O-O dxc4 9. Bxc4 Nc6 10. a3 b6 11. d5 exd5 {D40: Queen's Gambit Declined: Semi-Tarrasch with 5 e3} 12. Nxd5 Nxd5 13. Bxd5 Bb7 14. Bf4 Bf6 {LiveBook: 3 Games} 15. Rc1 Na5 $146 ({Predecessor:} 15... Rc8 16. b4 Qd7 17. Be4 Qg4 18. Rc4 Ba6 19. h3 {0-1 (82) Borik,O (2410)-De Firmian,N (2405) Baden-Baden 1981}) 16. Bxb7 Nxb7 17. b4 Rc8 18. Qa4 {Rcd1 is the strong threat.} a5 19. Rxc8 Qxc8 20. Qb5 Qd8 (20... axb4 $14 21. axb4 (21. Qxb4 Nc5 $14) 21... Bb2 22. Qxb6 Nd8) 21. Qc6 $16 Qa8 22. Qxb6 Rc8 (22... axb4 $16 23. axb4 Nd8) 23. Re1 $18 h6 (23... Bc3 $16) 24. h3 Kh7 25. Qb5 Kg8 26. Qf5 Bc3 (26... Rd8 $142 27. Bxh6 Nd6) 27. Re7 Rf8 $2 {[#]} (27... Bf6 {is a better defense.} 28. Rd7 axb4) 28. Qd5 axb4 29. axb4 ({And not} 29. Rxb7 bxa3 30. Nd2 Bxd2 $11) 29... Qa1+ 30. Kh2 {White is clearly winning.} Nd8 31. Bd6 Ne6 (31... Kh8 $142 32. b5 Qb2) 32. Rxe6 fxe6 33. Qxe6+ Rf7 {[%mdl 32768] Precision: White = 90%, Black = 25%. . An unexpected result.} 1/2-1/2

[Event "Dvorkovich Memorial Rapid 2018"]
[Site "Taganrog"]
[Date "2018.01.13"]
[Round "6.19"]
[White "Sipetin, Vladislav"]
[Black "Balashov, Yuri S"]
[Result "1/2-1/2"]
[WhiteElo "2263"]
[BlackElo "2434"]
[Annotator "TA"]
[PlyCount "69"]
[EventDate "2018.??.??"]
[EventType "swiss"]
[EventCountry "RUS"]
[SourceTitle "playchess.com"]
[Source "ChessBase"]
[SourceQuality "1"]

{[%evp 21,69,0,3,16,27,17,25,10,20,8,17,18,424,22,6,-8,-14,-11,0,-34,-34,-39,-37,-41,-33,-24,0,0,0,0,0,0,0,0,5,0,0,-47,-55,-56,-52,-43,-36,-53,-16,-17,-14,-14,0,0]} 1. e4 c5 2. c3 e6 3. d4 d5 4. exd5 exd5 5. Nf3 Nc6 6. Be2 Bd6 7. dxc5 Bxc5 8. Nbd2 {[%cal Bb1d2,Bd2b3,Bb3d4][%mdl 32]} Nge7 9. Nb3 Bb6 10. O-O O-O 11. Bf4 Ng6 {LiveBook: 4 Games. B22: Sicilian: 2 c3} (11... Bf5 12. Qd2 Re8 13. Rfe1 Qd7 14. a4 a6 15. a5 Ba7 16. Be3 Bxe3 17. Qxe3 Ng6 18. Qd2 Qd6 19. Nbd4 {0-1 (50) Macko,M (2303)-Bombek,P (2207) Slovakia 2017}) 12. Bg3 Be6 13. Nbd4 $146 ({Predecessor:} 13. Qd2 Qd7 14. Nbd4 Rad8 15. Rad1 Qc8 16. Rfe1 a6 17. h3 Rfe8 18. Bf1 Bc7 19. Bxc7 Qxc7 20. Nxc6 bxc6 {½-½ (54) Sminia,J-Van den Berg,H Schagen 2003}) 13... Qf6 14. Qd2 Rad8 15. Rfe1 Bg4 16. h3 h5 $2 {[%mdl 8192] [#]} (16... Nxd4 $11 17. Nxd4 (17. hxg4 Nxe2+ 18. Qxe2 Qc6 $11) 17... Bxe2 18. Rxe2 Bxd4 19. cxd4 Rfe8) 17. Rad1 $2 (17. hxg4 $18 hxg4 18. Nxc6 bxc6 19. Nh2) 17... Bxf3 $11 18. Bxf3 h4 19. Bh2 Nge5 20. Be2 (20. Bxe5 $5 Nxe5 21. Bh5 $11) 20... Nc4 21. Bxc4 dxc4 22. Re4 Rd5 23. Bf4 Nxd4 24. cxd4 Rfd8 25. Be3 $1 Bc7 26. Bf4 Bb6 27. Be3 $1 Bc7 28. Bf4 Bxf4 29. Qxf4 (29. Rxf4 {is interesting.} Qe7 30. Re1 Qg5 31. Qe3 b5 32. Qf3) 29... Qxf4 30. Rxf4 {KRR-KRR} g5 31. Re4 R8d7 32. f4 f6 33. fxg5 {The position is equal.} fxg5 34. Kf2 Kg7 35. Ke3 {Precision: White = 30%, Black = 48%.} 1/2-1/2

[Event "Dvorkovich Memorial Rapid 2018"]
[Site "Taganrog"]
[Date "2018.01.13"]
[Round "6.22"]
[White "Ivlev, Aleksey"]
[Black "Potapenko, Denis"]
[Result "1-0"]
[WhiteElo "2300"]
[BlackElo "2158"]
[Annotator "NA"]
[PlyCount "61"]
[EventDate "2018.??.??"]
[EventType "swiss"]
[EventCountry "RUS"]
[SourceTitle "playchess.com"]
[Source "ChessBase"]
[SourceQuality "1"]
[TimeControl "900+10"]

1. d4 {[%emt 0:00:00]} Nf6 {[%emt 0:00:05]} 2. c4 {[%emt 0:00:00]} g6 {[%emt 0:00:00]} 3. Nc3 {[%emt 0:00:00]} d5 {[%emt 0:00:09]} 4. cxd5 {[%emt 0:00:00]} Nxd5 {[%emt 0:00:00]} 5. e4 {[%emt 0:00:00]} Nxc3 {[%emt 0:00:00]} 6. bxc3 {[%emt 0:00:00]} Bg7 {[%emt 0:00:07]} 7. Nf3 {[%emt 0:00:00]} c5 {[%emt 0:00:03]} 8. Rb1 {[%emt 0:00:00]} O-O {[%emt 0:00:08]} 9. Be2 {[%emt 0:00:01]} cxd4 {[%emt 0:00:00]} 10. cxd4 {[%emt 0:00:00]} Qa5+ {[%emt 0:00:00]} 11. Qd2 {[%emt 0:00:00]} Qxd2+ {[%emt 0:00:11]} 12. Kxd2 {[%emt 0:00:07]} e6 {[%emt 0:00:19]} 13. Bb5 {[%emt 0:01:10]} a6 {[%emt 0:00:44]} 14. Bd3 {[%emt 0:00:00]} Rd8 {[%emt 0:01:01]} 15. e5 {[%emt 0:03:50]} Nc6 {[%emt 0:02:20]} 16. Bb2 {[%emt 0:00:59]} Bd7 {[%emt 0:02:27]} 17. Bc3 {[%emt 0:00:42]} b5 {[%emt 0:01:15]} 18. h4 {[%emt 0:00:19]} Bf8 {[%emt 0:00:54]} 19. h5 {[%emt 0:00:18]} b4 {[%emt 0:01:17]} 20. Bb2 {[%emt 0:00:00]} Na5 {[%emt 0:01:47]} 21. hxg6 {[%emt 0:00:08]} hxg6 {[%emt 0:00:17]} 22. Ng5 {[%emt 0:01:15]} Bb5 {[%emt 0:02:23]} 23. Ne4 {[%emt 0:00:58]} Be7 {[%emt 0:01:02]} 24. Nf6+ {[%emt 0:00:35]} Bxf6 {[%emt 0:00:52]} 25. exf6 {[%emt 0:00:00]} Bxd3 {[%emt 0:01:00]} 26. Kxd3 {[%emt 0:00:02]} Nc6 {[%emt 0:00:33]} 27. Ke4 {[%emt 0:00:51]} Nb8 {[%emt 0:00:08]} 28. Bc1 {[%emt 0:01:26]} Rd5 {[%emt 0:00:19]} 29. Bh6 {[%emt 0:00:15]} Nc6 {[%emt 0:00:15]} 30. Bg7 {[%emt 0:00:00]} Rh5 {[%emt 0:00:17]} 31. g4 {[%emt 0:00:00]} 1-0